Teología del mundo
সংরক্ষণ করুন:
| প্রধান লেখক: | |
|---|---|
| বিন্যাস: | গ্রন্থ |
| ভাষা: | স্প্যানিশ |
| প্রকাশিত: |
Salamanca
Sígueme
1971
|
| সংস্করন: | 2a. ed |
| মালা: | Colección Verdad e Imagen, 18
|
| বিষয়গুলি: | |
| ট্যাগগুলো: |
ট্যাগ যুক্ত করুন
কোনো ট্যাগ নেই, প্রথমজন হিসাবে ট্যাগ করুন!
|
MARC
| LEADER | 00000nam a2200000 a 4500 | ||
|---|---|---|---|
| 001 | UCR1112 | ||
| 003 | CL-VaPUC | ||
| 008 | 971212e19710000SP |||||||||||||||||spa|d | ||
| 082 | 0 | 4 | |a 261 |b MET |2 21 |
| 100 | |a Metz, Johann Baptist |e autor |9 523026 | ||
| 245 | 1 | 0 | |a Teología del mundo |
| 250 | |a 2a. ed | ||
| 300 | |a 206 p | ||
| 942 | |c BK | ||
| 945 | |d 19971212 00:00:00 |a rleighto | ||
| 260 | |a Salamanca |b Sígueme |c 1971 | ||
| 650 | 0 | |a Teología |9 258766 | |
| 650 | 0 | |a Cristianismo |9 257361 | |
| 650 | 0 | |a Iglesia |9 255004 | |
| 650 | 0 | |a Escatología |9 314395 | |
| 650 | 7 | |a EVANGELIO |2 CL-VaPUC |9 368586 | |
| 583 | |a last modification |c 19971212 00:00:00 |k Rodrigo Vera | ||
| 490 | 0 | |a Colección Verdad e Imagen, 18 | |
| 999 | |c 264603 |d 264601 | ||
| 952 | |0 0 |1 0 |4 0 |6 261_000000000000000_MET_1971 |7 0 |8 A |9 294944 |a BIBTEO |b BIBTEO |d 2019-11-19 |i 3370380 |o 261 MET 1971 |p 3370380 |r 2025-01-17 |w 2019-11-19 |y BK |k ICR | ||